000
00291nam a22001337a 4500
008
180123b xxu||||| |||| 00| 0 eng d
020
_a
2900072949390
041
_a
eng
080
_a
33
100
_a
59
101
_a
bus
245
_a
international business
_c
hill.ch.w
942
_2
udc
_c
BK
999
_c
40799
_d
40799